000
00305nam a2200121Ia 4500
008
220120s9999||||xx |||||||||||||| ||und||
082
_a
823 FRA
100
_a
Francis, Dick
_9
11945
245
0
_a
Odds against
260
_a
Pan books
_b
New York
300
_a
XVII,802p.
_b
0
650
_a
SIGNAL PROCESSING
_9
719
999
_c
137487
_d
137487